|
|
|
|
| LEADER |
02258nam a22004215i 4500 |
| 001 |
978-0-387-76759-8 |
| 003 |
DE-He213 |
| 005 |
20150519175026.0 |
| 007 |
cr nn 008mamaa |
| 008 |
100301s2007 xxu| s |||| 0|eng d |
| 020 |
|
|
|a 9780387767598
|9 978-0-387-76759-8
|
| 024 |
7 |
|
|a 10.1007/978-0-387-76759-8
|2 doi
|
| 040 |
|
|
|d GrThAP
|
| 050 |
|
4 |
|a R-RZ
|
| 072 |
|
7 |
|a MBGR
|2 bicssc
|
| 072 |
|
7 |
|a MED000000
|2 bisacsh
|
| 082 |
0 |
4 |
|a 610
|2 23
|
| 245 |
1 |
0 |
|a Integrated Biochips for DNA Analysis
|h [electronic resource] /
|c edited by Robin Hui Liu, Abraham P. Lee.
|
| 264 |
|
1 |
|a New York, NY :
|b Springer New York,
|c 2007.
|
| 300 |
|
|
|b online resource.
|
| 336 |
|
|
|a text
|b txt
|2 rdacontent
|
| 337 |
|
|
|a computer
|b c
|2 rdamedia
|
| 338 |
|
|
|a online resource
|b cr
|2 rdacarrier
|
| 347 |
|
|
|a text file
|b PDF
|2 rda
|
| 490 |
1 |
|
|a Biotechnology Intelligence Unit
|
| 505 |
0 |
|
|a Integrated DNA Biochips: Past, Present and Future -- Integrated Molecular Analyses of Biological Samples on a Bead-Based Microarray Platform -- Integrated Microfluidic CustomArray™ Biochips for Gene Expression and Genotyping Analysis -- Self-Contained, Fully Integrated Biochips for Sample Preparation, PCR Amplification and DNA Microarray Analysis -- Integrating Sample Processing and Detection with Microchip Capillary Electrophoresis of DNA -- Integrated Plastic Microfluidic Devices for Bacterial Detection -- PCR in Integrated Microfluidic Systems -- Integrated Nucleic Acid Analysis in Parallel Matrix Architecture -- Chip-Based Genotyping by Mass Spectrometry -- Analyzing DNA-Protein Interactions on a Chip -- Single Molecule DNA Detection -- Nanochannels for Genomic DNA Analysis: The Long and the Short of It -- Beyond Microtechnology—Nanotechnology in Molecular Diagnosis.
|
| 650 |
|
0 |
|a Medicine.
|
| 650 |
1 |
4 |
|a Biomedicine.
|
| 650 |
2 |
4 |
|a Biomedicine general.
|
| 700 |
1 |
|
|a Liu, Robin Hui.
|e editor.
|
| 700 |
1 |
|
|a Lee, Abraham P.
|e editor.
|
| 710 |
2 |
|
|a SpringerLink (Online service)
|
| 773 |
0 |
|
|t Springer eBooks
|
| 776 |
0 |
8 |
|i Printed edition:
|z 9780387767581
|
| 830 |
|
0 |
|a Biotechnology Intelligence Unit
|
| 856 |
4 |
0 |
|u http://dx.doi.org/10.1007/978-0-387-76759-8
|z Full Text via HEAL-Link
|
| 912 |
|
|
|a ZDB-2-SBL
|
| 950 |
|
|
|a Biomedical and Life Sciences (Springer-11642)
|